000 00645nam a2200265Ia 4500
005 20260121165047.0
008 008 260114s9999 xx 000 0 eng d
020 _a9781137551177
037 _aEBOOK
040 _aCRL
040 _beng
040 _cCRL
041 _2eng
041 _aeng
084 _qCRL
100 _aKate Douglas, Anna Poletti
_91047034
245 0 _aLife Narratives and Youth Culture
260 _bSpringer
260 _bSpringer
260 _c2016
856 _uhttps://link.springer.com/openurl?genre=book&isbn=978-1-137-55117-7
942 _cEBOOK
999 _c1612759
_d1612759